Flora (Record no. 24797)

MARC details
000 -CABECERA
campo de control de longitud fija 00384nam a2200169 a 4500
005 - FECHA Y HORA DE LA ÚLTIMA TRANSACCIÓN
campo de control 20210219150950.0
008 - ELEMENTOS DE LONGITUD FIJA--INFORMACIÓN GENERAL
campo de control de longitud fija 991125s1987 mx 000 0 spa u
020 ## - NÚMERO INTERNACIONAL NORMALIZADO PARA LIBROS
Número Internacional Estándar del Libro 9684060564
035 ## - NÚMERO DE CONTROL DEL SISTEMA
Número de control de sistema UPN01000024797
049 ## - COLECCIÓN
Colección SEP
050 #4 - SIGNATURA TOPOGRÁFICA DE LA BIBLIOTECA DEL CONGRESO
Número de clasificación QK211 R9.3
100 1# - ASIENTO PRINCIPAL--NOMBRE PERSONAL
Nombre de persona Rzedowski, Jerzy
245 10 - MENCIÓN DE TÍTULO
Título Flora
260 ## - PUBLICACIÓN, DISTRIBUCIÓN, ETC.
Lugar de publicación, distribución, etc. México :
Nombre del editor, distribuidor, etc. SEP,
Fecha de publicación, distribución, etc. 1987
904 ## - ELEMENTOS DE DATOS D LOCAL, LDD (RLIN)
a AC
b 024798
905 ## - TIPO DE MATERIAL
Tipo de material Libro

No items available.